00825cam a22002411 4500001001300000003000400013005001700017008004100034010001700075035002000092040004600112042001200158050001600170100003300186245004500219260004900264300002500313490004500338490004000383650003900423830004500462830007600507sd 59000008 DLC20260227112736.0920417s1959 dcua f000 0 eng c asd 59000008  a(OCoLC)25667403 aU.S. Dept. of State. LibrarycDSdDSdDLC apremarc00aJX4131b.P41 aPearcy, George Etzel,d1905-10aMeasurement of the U.S. territorial sea. a[Washington,bU.S. Govt. Print. Off.,c1959] a9 p.billus.c26 cm.1 a[U.S.] Dept. of State. Publicationv68791 aGeneral foreign policy series,v139 0aTerritorial waterszUnited States. 0aDepartment of State publication ;v6879. 0aDepartment of State publication.pGeneral foreign policy series ;v139.